RICS consultancy form (Record no. 81243)

MARC details
000 -LEADER
fixed length control field 00750cab a22001935a 4500
001 - CONTROL NUMBER
control field L146684
008 - FIXED-LENGTH DATA ELEMENTS--GENERAL INFORMATION
fixed length control field 090216e20080613xxko f 000 0 eng d
035 ## - SYSTEM CONTROL NUMBER
System control number (Sirsi) u146684
041 0# - LANGUAGE CODE
Language code of text/sound track or separate title eng
100 1# - MAIN ENTRY--PERSONAL NAME
Personal name Barnes, Rachel
245 00 - TITLE STATEMENT
Title RICS consultancy form
Remainder of title a false friend
260 ## - PUBLICATION, DISTRIBUTION, ETC.
Date of publication, distribution, etc. 2008
490 #0 - SERIES STATEMENT
Series statement Building
Volume/sequential designation 273 (8548) 26 September 2008, 70 (1)
520 ## - SUMMARY, ETC.
Summary, etc. Discusses the disadvantages of the new RICS Consultancy Appointment Form. Explains the pitfalls that consultants should be aware of when signing these forms. Suggests to consultants to consider amending the forms as protection against these risks.
590 ## - LOCAL NOTE (RLIN)
Local note KA
651 #4 - SUBJECT ADDED ENTRY--GEOGRAPHIC NAME
Geographic name England and Wales
Chronological subdivision 1543-
690 ## - LOCAL SUBJECT ADDED ENTRY--TOPICAL TERM (OCLC, RLIN)
Topical term or geographic name as entry element BUILT ENVIRONMENT-BUILDING CONTRACT FORMS
942 ## - ADDED ENTRY ELEMENTS (KOHA)
Suppress in OPAC 0
Holdings
Withdrawn status Lost status Source of classification or shelving scheme Damaged status Not for loan Home library Current library Shelving location Date acquired Total Checkouts Full call number Barcode Date last seen Copy number Price effective from Koha item type
    Dewey Decimal Classification     London London Journal article 16/02/2009   L146684 146684-1001 06/08/2019 1 06/08/2019 Journal article